00625 2200217 4500001002100000005001700021006001900038008004100057020002200098035002500120090002000145100001700165245008200182260003800264700002000302990001700322990001700339990001700356990001700373990001700390INLIS00000000000837520130916081944.0a ||| | 180719| ||| |  a978-979-29-3302-4 a0010-081300000000012 a384.545.5 UTO w0 aNikodemus WK00aWireless Networking Panduan Lengkap Membangun Jaringan wireless tanpa teknisi aYogyakartabANDI Yogyakartac20120 aEko Priyo Utomo a8540/PN/2013 a8540/PN/2013 a8900/PN/2013 a8900/PN/2013 a8540/PN/2013